000 00348nam a22001217a 4500
082 _a954
100 _aपाण्डेय , मनोहर
_982514
245 _aMagbook भारतीय इतिहास
250 _a2 ND
260 _aदिल्ली
_bअरिहंत
_c2024
650 _aइतिहास
942 _cC. BOOKS
999 _c67051
_d67051